[Event "Graz Open 2018"]
[Site "Graz"]
[Date "2018.02.17"]
[Round "1"]
[White "Istratescu, Andrei"]
[Black "Li, Xueyi"]
[Result "1-0"]
[WhiteElo "2595"]
[BlackElo "2176"]
[Annotator "TA"]
[PlyCount "113"]
[EventDate "2018.??.??"]
[EventType "swiss"]
[EventCountry "AUT"]
[SourceTitle "playchess.com"]
[Source "ChessBase"]
[SourceQuality "1"]

{[%evp 21,113,41,56,30,32,37,48,47,46,41,41,41,53,37,38,48,54,41,48,33,48,40,38,17,43,47,26,7,5,2,29,0,0,0,0,-12,0,0,6,6,84,83,72,0,7,0,0,0,0,0,0,0,0,0,0,-43,0,0,12,14,71,71,98,98,106,30,25,20,72,56,46,57,79,72,75,86,112,98,112,90,198,189,187,137,179,152,138,139,335,304,661,664,806,730]} 1. d4 d5 2. c4 e6 3. Nc3 Nf6 4. Bg5 c6 5. e3 Be7 6. Nf3 Nbd7 7. Qc2 b6 8. cxd5 {D53: Queen's Gambit Declined: 4 Bg5 Be7: Early deviations} exd5 9. Bd3 Bb7 10. O-O h6 (10... O-O 11. Rad1 h6 12. Bh4 Re8 13. Rfe1 Ne4 14. Bxe4 Bxh4 15. Bh7+ Kh8 16. Nxh4 Qxh4 17. Bd3 Rad8 18. Qa4 a5 19. g3 Qe7 20. a3 {½-½ (30) Xu,Y (2557)-Lu,S (2620) Xinghua 2017}) 11. Bh4 O-O {LiveBook: 11 Games} 12. Rfd1 Re8 13. Rab1 Ne4 14. Bxe4 Bxh4 15. Bh7+ Kh8 16. Bf5 Bf6 17. b4 {[%cal Bb2b4,Bb4b5][%mdl 32]} g6 18. Bh3 Bg7 $146 19. g3 Kg8 20. a4 {[%cal Ba2a4,Ba4a5,Ba5a6][%mdl 32]} Nf8 21. b5 c5 22. a5 {Strongly threatening dxc5.} Qf6 23. a6 Bc8 $1 {[%cal Rc8h3]} 24. Bxc8 Raxc8 25. Kg2 Qd6 26. Qb3 c4 27. Qb4 Qd7 28. Rd2 f6 29. Re1 g5 30. Qb1 h5 (30... Ne6 $11) 31. h3 $16 Rcd8 32. Rde2 (32. e4 $1 $16) 32... Ne6 $1 $11 33. Qg6 Qf7 34. Qf5 Bf8 35. Qb1 ({Not} 35. Nxd5 $2 Rxd5 $1 {[%mdl 512]} 36. Qxd5 Nf4+ $1 {[%mdl 512]} 37. exf4 Qxd5 $19) 35... Qh7 36. Qxh7+ Kxh7 37. Rb1 Kg8 38. g4 hxg4 39. hxg4 Kf7 40. Ree1 Bg7 (40... Kg7 $11) 41. Rh1 $16 Rh8 42. Rxh8 Bxh8 {[#]} 43. Ng1 (43. Ne1 $1 $16) 43... Bg7 $11 44. Nge2 Bh6 (44... Bf8 $11 {keeps the balance.}) 45. Ng3 Bf8 46. Nf5 Kg8 47. Kf3 Kf7 48. Ke2 Kg8 49. Kd2 Kf7 50. Kc2 Kg8 (50... Ng7 $16 {was called for.}) 51. f3 $18 Kf7 52. Rh1 Kg8 53. e4 dxe4 54. d5 {[%cal Bd4d5,Bd5d6][%mdl 32]} ({Much less strong is} 54. Nxe4 Nxd4+ 55. Nxd4 Rxd4 $14) 54... Nc5 $2 (54... Nf4 $16) 55. Nxe4 Nd7 $2 (55... Nxe4 56. fxe4 Rc8) 56. d6 c3 57. Ne7+ {Precision: White = 61%, Black = 40%.} 1-0

[Event "Graz Open 2018"]
[Site "Graz"]
[Date "2018.02.17"]
[Round "1"]
[White "Czarnota, Pawel"]
[Black "Bauer, Thomas"]
[Result "1-0"]
[WhiteElo "2562"]
[BlackElo "2168"]
[Annotator "TA"]
[PlyCount "91"]
[EventDate "2018.??.??"]
[EventType "swiss"]
[EventCountry "AUT"]
[SourceTitle "playchess.com"]
[Source "ChessBase"]
[SourceQuality "1"]

{[%evp 30,91,38,33,189,155,183,188,182,174,159,188,178,95,145,156,154,0,94,-51,-45,-43,-53,-54,73,62,83,-97,218,212,213,220,210,212,199,216,259,242,252,250,349,341,383,352,504,494,501,489,465,465,533,531,494,512,900,547,884,857,4337,4416,2345,1695,29961,6241]} 1. e4 c5 2. Nf3 d6 3. d4 cxd4 4. Nxd4 Nf6 5. Nc3 g6 6. Be3 Bg7 7. f3 O-O 8. Qd2 Nc6 9. g4 Be6 10. O-O-O Nxd4 11. Bxd4 Qa5 12. a3 Rfc8 13. h4 Rab8 14. h5 b5 {[%cal Bb7b5,Bb5b4][%mdl 32]} 15. hxg6 fxg6 {B76: Sicilian Dragon: Yugoslav Attack, 9 g4 and 9 0-0-0} (15... hxg6 16. Qg5 Qc7 17. e5 dxe5 18. Bxe5 Qc5 19. Bxf6 Bxf6 20. Rd8+ Rxd8 21. Qxc5 Rbc8 22. Qxa7 b4 23. axb4 Bg5+ {1-0 (39) Song,E (2319)-Sanhueza,C (2298) chess.com INT 2018}) 16. g5 {LiveBook: 12 Games} Nd7 $2 ({Black should play} 16... b4 $14 17. gxf6 bxc3 18. Bxc3 Rxc3 19. Qxc3 Qxc3 20. bxc3 Bxf6) 17. Bxg7 $146 ({Predecessor:} 17. Qh2 Nf8 18. Bxg7 Kxg7 19. Qd2 b4 20. Nd5 Bxd5 21. exd5 Qa4 22. Qd4+ Kg8 23. Bd3 {1-0 (40) Grezels,F (1874)-Guedon,S (1607) Troyes 2010}) 17... Kxg7 {White is clearly better.} 18. Bh3 $1 {[%cal Rh3e6]} Bxh3 19. Rxh3 b4 20. Nd5 Qa4 21. Qh2 (21. Rdh1 $6 h5 $16) (21. f4 $1 $18) 21... h5 22. gxh6+ Kh7 23. Rd4 $2 (23. Nxb4 $6 Rxb4 24. axb4 Qa1+ 25. Kd2 Qxb2 $11) (23. Nxe7 $2 bxa3 24. Nxc8 axb2+ 25. Kd2 Qd4+ 26. Ke2 Qxd1+ $1 {[%mdl 512]} 27. Kxd1 b1=Q+ 28. Kd2 Rxc8 $19) ({Only move:} 23. f4 $1 $16 Nf6 24. f5 (24. Nxb4 $2 Rxb4 25. f5 gxf5 $19) (24. Nxe7 bxa3 25. Rxa3 Qb4 $16) 24... gxf5 25. Nxf6+ (25. Nxe7 bxa3 26. Rxa3 Qb4 $18) (25. exf5 Nxd5 26. Qg2 Rg8 $18) 25... exf6 26. exf5 (26. Rxd6 bxa3 27. Rxa3 Qxe4 $16)) 23... Qa6 (23... Nc5 $11 24. Kb1 (24. Rxb4 Nd3+ 25. Kb1 Nxb4 $11) 24... Qb5 25. Nxb4 (25. Rxb4 Qf1+ 26. Ka2 Rxb4 $14) 25... a5) 24. Nxb4 (24. f4 $1 $16 e5 25. Rd1 (25. Nxb4 Qf1+ 26. Rd1 Qxf4+ 27. Qxf4 exf4 $18) (25. Rxb4 Rxb4 26. Nxb4 Qf1+ 27. Kd2 exf4 $17)) 24... Qb6 $1 $15 {[%cal Rb6d4]} 25. Rd5 a5 {[%mdl 1024] Black has compensation.} 26. Nd3 $1 {And now Kb1 would win.} Qe3+ (26... Nc5 $1 $15 {stays ahead.} 27. Rxc5 dxc5) 27. Kb1 $16 {aiming for Rxd6!} Nb6 $1 {[%cal Rb6a4] [#] White must now prevent ...Na4.} 28. Qf4 $2 (28. Rxa5 Nc4 $17) (28. f4 $1 $16 {stays on course.} Qxe4 29. Rxa5) 28... Qg1+ $2 {[%mdl 8192] [#]} (28... Qxf4 $17 29. Nxf4 Nxd5 30. Nxd5 Rb7) 29. Ka2 $1 $18 {Intending Qf7+ and mate.} Rf8 30. Qg5 Qxg5 31. Rxg5 $40 {[%mdl 128] Black is in trouble.} e5 32. b3 Rfc8 33. Rg2 Rc3 34. Rhg3 Rg8 35. Kb2 Rc7 36. f4 {[%cal Bf3f4,Bf4f5][%mdl 32]} Rb7 (36... Nd7 {was worth a try.} 37. fxe5 Nxe5 38. Nxe5 dxe5) 37. f5 g5 38. Rxg5 Rxg5 39. Rxg5 {[%mdl 4096] Endgame KRN-KRN} Na4+ 40. Kc1 Nc3 41. Nf2 Ne2+ (41... Kxh6 $142 42. Rg6+ Kh5 43. Rxd6 Rc7) 42. Kb2 Nf4 43. Ng4 d5 44. exd5 Nxd5 45. f6 Nf4 46. Rg7+ {Precision: White = 51%, Black = 32%.} 1-0

[Event "Graz Open 2018"]
[Site "Graz"]
[Date "2018.02.17"]
[Round "1"]
[White "Nevednichy, Vladislav"]
[Black "Vidic, Teja"]
[Result "1-0"]
[WhiteElo "2551"]
[BlackElo "2164"]
[Annotator "TA"]
[PlyCount "111"]
[EventDate "2018.??.??"]
[EventType "swiss"]
[EventCountry "AUT"]
[SourceTitle "playchess.com"]
[Source "ChessBase"]
[SourceQuality "1"]

{[%evp 29,111,31,33,37,30,20,40,56,53,46,88,61,58,58,69,62,57,32,48,52,61,50,57,67,71,69,68,62,59,59,119,114,119,119,118,121,118,114,120,114,132,125,202,183,300,242,375,379,373,366,490,487,452,472,422,424,447,370,596,591,591,591,585,582,593,570,587,577,566,562,626,623,591,566,895,850,1569,1564,12838,12839,12838,12838,12839,12839]} 1. Nf3 d5 2. g3 Bg4 3. Bg2 c6 4. h3 Bh5 5. O-O Nd7 6. d3 Ngf6 7. Nbd2 e5 8. e4 dxe4 9. dxe4 Bc5 10. Qe1 O-O 11. Nb3 Bb6 {A07: Réti Opening: New York and Capablanca Systems} 12. a4 Bxf3 13. Bxf3 a5 14. Nd2 Qc7 15. Nc4 Bc5 {LiveBook: 4 Games} 16. Bd2 {[%cal Rd2a5]} b6 {[#]} 17. Bg2 $146 ({Predecessor (2):} 17. Qe2 Rfe8 18. Bg2 Nf8 19. Rfd1 Ne6 20. c3 Rad8 21. h4 Bf8 22. Be3 Rxd1+ 23. Rxd1 {1-0 (49) Smirin,I (2687)-Mulyar,M (2388) Rockville 2016}) 17... Ne8 18. Bc3 f6 19. Rd1 Rd8 20. Qe2 Nd6 21. h4 {[%cal Bh3h4,Bh4h5][%mdl 32]} Rfe8 22. Nxd6 Bxd6 23. Qc4+ Kh8 24. h5 Nc5 25. Bh3 Qb7 26. b3 Qa6 27. Qxa6 Nxa6 28. Rd2 Nc5 29. Bf5 Nb7 (29... Be7 $14) 30. Rfd1 $16 Kg8 31. Kg2 h6 32. Kf3 Kf8 33. Bg6 Re7 34. Kg4 Rc7 35. f4 exf4 (35... Ke7 $16 36. Bb2 Kf8 37. fxe5 fxe5) 36. gxf4 $18 Ke7 (36... Be7 $142 37. Rxd8+ Nxd8) 37. Bb2 Bb4 (37... Kf8 $142 38. e5 Be7) 38. Rxd8 Nxd8 39. e5 Nf7 40. exf6+ gxf6 41. Rd3 Bc5 42. Rd2 f5+ 43. Bxf5 Nd6 $2 {[#]} (43... Kf8 44. Re2 Re7) 44. Re2+ {White is clearly winning.} Kf7 45. Bg6+ Kf8 46. Re6 b5 47. Bd3 bxa4 48. bxa4 Nf7 49. Bc4 Rb7 50. Bb3 Bd6 51. Rf6 c5 52. Bc3 c4 53. Bxc4 Rc7 54. Rxf7+ Rxf7 55. Bxf7 Kxf7 56. Bxa5 {Precision: White = 89%, Black = 42%.} 1-0

[Event "Graz Open 2018"]
[Site "Graz"]
[Date "2018.02.17"]
[Round "1"]
[White "Hjartarson, Johann"]
[Black "Praczukowski, Stanislaw"]
[Result "0-1"]
[WhiteElo "2536"]
[BlackElo "2139"]
[Annotator "TA"]
[PlyCount "58"]
[EventDate "2018.??.??"]
[EventType "swiss"]
[EventCountry "AUT"]
[SourceTitle "playchess.com"]
[Source "ChessBase"]
[SourceQuality "1"]

{[%evp 25,58,-9,0,0,-5,-17,0,0,0,-22,-19,-87,-1,-91,-79,-123,-102,-95,-76,-131,-135,-162,-129,-751,-752,-713,-716,-701,-729,-714,-712,-750,-756,-1069,-1082]} 1. c4 e6 2. Nc3 d5 3. d4 Nf6 4. cxd5 exd5 5. Bg5 Nbd7 6. e3 c6 7. Bd3 Be7 8. Qc2 Nh5 9. Bxe7 Qxe7 10. Nge2 g6 11. O-O-O Nb6 12. Kb1 Ng7 {D36: Queen's Gambit Declined: Exchange Variation: Main line (5 Bg5 c6 6 Qc2)} 13. Ng3 Bd7 {LiveBook: 16 Games} 14. f3 (14. Rc1 h5 15. h4 O-O-O 16. Na4 Nxa4 17. Qxa4 Kb8 18. Rc3 b6 19. Ra3 Be8 20. Rc1 {0-1 (42) Hammer,J (2689)-Yilmaz,M (2603) Gjakova 2016}) 14... O-O-O $146 {The position is equal.} ({Predecessor:} 14... O-O 15. Rhe1 Qh4 16. e4 dxe4 17. Ngxe4 Be6 18. g3 Qe7 19. Nc5 Rad8 20. Nxe6 Nxe6 {0-1 (44) Kirk,E (2258)-Townsend,M (2234) England 2012}) 15. e4 dxe4 16. fxe4 Bg4 17. Nce2 Kb8 18. Qc3 (18. h3 $11 Bxe2 19. Nxe2) 18... Ne6 ({Black should try} 18... f5 $17 {Hoping for ...fxe4.} 19. e5 Nd5) 19. Rd2 (19. h3 $11 Bxe2 20. Nxe2) 19... Rhe8 $17 20. Bc2 {[#]} Nc7 $1 21. a4 h5 {[%cal Bh7h5,Bh5h4][%mdl 32]} 22. Nc1 ({White should play} 22. h3 Be6 23. h4) 22... h4 23. Nge2 Qg5 $36 {[%mdl 2048] Black is in control.} 24. Re1 $2 {[%mdl 8192] [#]} (24. Rdd1 $17) 24... Nbd5 $1 $19 {[%mdl 512] Black is clearly winning.} 25. Qd3 (25. exd5 Nxd5) 25... Nb4 26. Qc3 {[#]} Ncd5 $1 {[%mdl 512]} 27. exd5 Nxd5 28. Qd3 Bf5 29. Qc4 Qxd2 {Precision: White = 21%, Black = 72%.} 0-1

[Event "Graz Open 2018"]
[Site "Graz"]
[Date "2018.02.17"]
[Round "1"]
[White "Socko, Monika"]
[Black "Nehyba, Martin"]
[Result "1-0"]
[WhiteElo "2482"]
[BlackElo "2102"]
[Annotator "TA"]
[PlyCount "73"]
[EventDate "2018.??.??"]
[EventType "swiss"]
[EventCountry "AUT"]
[SourceTitle "playchess.com"]
[Source "ChessBase"]
[SourceQuality "1"]

{[%evp 9,73,14,10,13,10,10,11,14,25,19,80,69,132,98,133,125,203,198,229,237,218,227,233,225,219,159,157,165,158,162,152,121,141,139,145,145,143,143,154,143,153,137,156,129,141,122,133,146,190,152,188,191,227,148,203,191,253,193,239,207,442,454,445,454,825,812]} 1. e4 c5 2. Nf3 e6 3. g3 Nc6 4. Bg2 Nf6 5. Nc3 (5. d3 d5 6. Nbd2 Be7 7. O-O O-O 8. Re1 b5 9. e5 Nd7 10. Nf1 Bb7 11. h4 Qc7 12. Bf4 Rfc8 13. Ne3 Qd8 14. Ng4 Bf8 15. Bg5 Qe8 16. c3 h6 17. Bf4 a5 18. Qd2 b4 19. c4 Ne7 20. h5 {1-0 (59) Kuzubov,Y (2699)-Grischuk,A (2772) Riadh 2017}) 5... Be7 6. O-O {B40: Sicilian: 2...e6, Unusual lines} O-O 7. d4 d5 8. exd5 $1 {The position is equal.} Nxd5 9. Nxd5 Qxd5 (9... exd5 $11 10. dxc5 Bxc5) 10. Be3 $146 ({Predecessor:} 10. Ne5 Qxd4 11. Nxc6 bxc6 12. Bxc6 Rb8 13. Rb1 Ba6 {1-0 (39) Jimenez Matos,J (1914)-Castillo Marte,A (1825) Santo Domingo 2017}) 10... c4 (10... cxd4 $14 11. Nxd4 Qc4) 11. a4 Qd6 12. Qe2 Qb4 (12... Nb4 $16 13. Ne5 (13. Qxc4 b6 $16) 13... Nd5 14. Nxc4 Qc7) 13. c3 $18 Qb3 14. Rfb1 Na5 15. Nd2 Qb6 16. Nxc4 Qa6 17. Bf1 Nxc4 18. Qxc4 Qxc4 19. Bxc4 Bd7 20. Bb5 Bc6 21. Bxc6 bxc6 22. b4 a6 23. Kf1 Bd6 24. Ke2 Rfb8 25. Kd3 Kf8 26. Bd2 Rb7 27. f4 Ke7 28. c4 {[%cal Bc3c4,Bc4c5][%mdl 32]} Kd7 29. Bc3 Rab8 {[%cal Rd6b4]} 30. c5 Bc7 31. Kc4 Bd8 (31... g6 $16 32. Rf1 h5) 32. Rb2 Be7 (32... Bf6 $142 33. g4 h6) 33. Rab1 Bd8 34. b5 {[%cal Bb4b5,Bb5a6][%mdl 32]} Kc7 $2 {[#]} (34... axb5+ {is a better defense.} 35. axb5 cxb5+ 36. Rxb5 Rxb5 37. Rxb5 Rxb5 38. Kxb5 g6) 35. Ba5+ {White is clearly winning.} Kc8 36. Bxd8 Kxd8 (36... axb5+ $142 37. axb5 Kxd8) 37. bxa6 {Precision: White = 73%, Black = 30%.} 1-0

[Event "Graz Open 2018"]
[Site "Graz"]
[Date "2018.02.17"]
[Round "1"]
[White "Baumegger, Siegfried"]
[Black "Titz, Heimo"]
[Result "1-0"]
[WhiteElo "2450"]
[BlackElo "2130"]
[Annotator "TA"]
[PlyCount "79"]
[EventDate "2018.??.??"]
[EventType "swiss"]
[EventCountry "AUT"]
[SourceTitle "playchess.com"]
[Source "ChessBase"]
[SourceQuality "1"]

{[%evp 21,79,33,30,14,35,0,4,6,55,18,22,22,28,19,20,20,38,33,40,34,33,42,36,56,52,11,68,48,83,78,68,76,551,550,547,529,536,543,540,502,581,565,593,533,537,529,529,515,631,557,582,570,587,586,579,554,571,571,627,541]} 1. d4 Nf6 2. c4 e6 3. Nf3 b6 4. e3 Bb7 5. Bd3 c5 6. O-O d6 7. Nc3 Nbd7 8. b3 Be7 9. Bb2 O-O 10. Qe2 a6 {E14: Queen's Indian: Classical Variation (4 e3)} 11. Rad1 Re8 {LiveBook: 17 Games} 12. d5 $146 ({Predecessor:} 12. Bb1 Bf8 13. Ng5 cxd4 14. Rxd4 Qc7 15. Rfd1 Rad8 16. Qc2 {0-1 (64) Hebden,M (2537)-Hambleton,A (2468) Ascot 2013}) 12... exd5 {The position is equal.} 13. Nxd5 Nxd5 14. cxd5 Bf8 15. Bb1 g6 16. e4 Bg7 17. Rfe1 Bxb2 18. Qxb2 Qf6 19. Qd2 Kg7 20. h3 Rac8 21. Nh2 h5 22. Rc1 b5 23. Rc3 c4 ({Better is} 23... Nb6 $11) 24. bxc4 $14 Rxc4 25. Rxc4 bxc4 26. Qb4 Rc8 $2 {[%mdl 8192] [#]} (26... Bc8 $16 {is tougher.}) 27. Qxb7 $18 {White is clearly winning.} Qd8 28. Qxa6 Ne5 {[%cal Bd7e5,Be5c4,Bc4d2][%mdl 32]} 29. Qa7 Rc5 30. Qa3 c3 31. Bc2 Qf6 32. Rf1 Nc4 33. Qc1 Nd2 34. Rd1 Qe5 35. Nf1 Nxe4 36. Qe3 Nf6 37. Qxe5 dxe5 38. Ne3 Nd7 39. Rb1 Ra5 40. a4 {Precision: White = 62%, Black = 39%.} 1-0

[Event "Graz Open 2018"]
[Site "Graz"]
[Date "2018.02.17"]
[Round "1"]
[White "Janzelj, Lara"]
[Black "Socko, Bartosz"]
[Result "0-1"]
[WhiteElo "2174"]
[BlackElo "2593"]
[Annotator "TA"]
[PlyCount "58"]
[EventDate "2018.??.??"]
[EventType "swiss"]
[EventCountry "AUT"]
[SourceTitle "playchess.com"]
[Source "ChessBase"]
[SourceQuality "1"]

{[%evp 21,58,0,0,-23,-29,-22,-27,-23,-11,-9,0,-9,0,-120,-119,-123,-110,-200,-197,-301,-319,-312,-311,-372,-379,-762,-762,-762,-762,-762,-762,-762,-755,-980,-964,-958,-940,-1543,-725]} 1. d4 Nf6 2. c4 e6 3. Nf3 b6 4. a3 Bb7 5. Nc3 d5 6. cxd5 Nxd5 7. Qc2 Nxc3 8. bxc3 c5 9. e4 Nc6 {E12: Queen's Indian: Unusual White 4th moves, 4 a3, 4 Nc3 Bb7 5 a3 and 4 Nc3 Bb7} (9... Nd7 10. Bd3 Qc7 11. Bb2 cxd4 12. cxd4 Qxc2 13. Bxc2 Rc8 14. Bd3 Bd6 15. Ke2 Ke7 16. a4 Bb4 17. Rhb1 Rhd8 18. Bc1 a5 19. Bg5+ f6 20. Bd2 Bxd2 21. Nxd2 Rc3 22. Rc1 {½-½ (22) Mamedyarov,S (2800)-Eljanov,P (2739) Geneva 2017}) 10. Be3 cxd4 11. cxd4 Rc8 $1 {LiveBook: 6 Games. The position is equal.} 12. Qb2 {Rd1 is the strong threat.} Be7 $1 13. Bd3 O-O 14. O-O {[#]} Qd6 $146 ({Predecessor:} 14... Na5 15. Rfc1 Rxc1+ 16. Rxc1 Qa8 17. d5 exd5 18. exd5 Bxd5 19. Qe5 Be6 20. Ng5 Qd5 {½-½ (20) Abasov,N (2492)-Mareco,S (2557) Golden Sands 2013}) 15. Rfd1 Na5 16. Qe2 Rc3 17. Bg5 (17. Rab1 $11 {remains equal.}) 17... Bxg5 $17 ({Resist} 17... Rxa3 18. e5 $15) 18. Nxg5 {aiming for e5.} Qe7 ({Much worse is} 18... Qxd4 $6 19. e5 $11) 19. Qh5 (19. Nf3 $17 {was called for.}) 19... h6 $19 20. Nh3 (20. Nf3 {was the only chance.}) 20... Nb3 21. Rab1 Nxd4 22. e5 Rd8 23. Qg4 $2 {[#]} (23. Kh1) 23... Nf3+ $1 {[%mdl 512] Black is clearly winning.} 24. gxf3 Rcxd3 25. Rxd3 Rxd3 26. Nf4 Bxf3 27. Qg3 Rxa3 28. Rc1 {[#]} Qc5 $1 {[%cal Rc5c1][%mdl 512]} 29. Re1 (29. Rxc5 Ra1+) 29... Qxe5 {Precision: White = 35%, Black = 73%.} 0-1

[Event "Graz Open 2018"]
[Site "Graz"]
[Date "2018.02.17"]
[Round "1"]
[White "Koller, Hans-Juergen"]
[Black "Sebenik, Matej"]
[Result "0-1"]
[WhiteElo "2167"]
[BlackElo "2557"]
[Annotator "TA"]
[PlyCount "36"]
[EventDate "2018.??.??"]
[EventType "swiss"]
[EventCountry "AUT"]
[SourceTitle "playchess.com"]
[Source "ChessBase"]
[SourceQuality "1"]

{[%evp 13,36,30,33,8,-5,-32,-8,-112,-112,-112,-113,-111,-103,-112,-114,-254,-258,-257,-176,-278,-113,-261,-258,-262,-235]} 1. d4 Nf6 2. c4 e6 3. g3 d5 4. Nf3 dxc4 5. Bg2 a6 6. O-O Nc6 7. e3 Bd7 {LiveBook: 479 Games} 8. Nfd2 {E04: Open Catalan: 5 Nf3} Na5 9. Qc2 $146 ({Find the theoretical novelty and annotate with similar games:} 9. Nc3 c5 10. Nde4 Nxe4 11. Nxe4 Bb5 12. Nc3 Be7 13. d5 exd5 14. Bxd5 O-O 15. Qh5 Bc6 {½-½ (68) Kozul,Z (2600)-Rezan,S (2390) Split 2008}) 9... Rc8 10. Nxc4 (10. Rd1 $11) 10... Nxc4 $17 11. Qxc4 Bb5 12. Qb3 Bxf1 13. Kxf1 Rb8 14. Bxb7 {[#]} (14. Na3 $17) 14... Nd7 $1 $19 15. d5 e5 {...Bd6 is the strong threat.} 16. Nc3 {[#]} (16. d6 {was the only chance.}) 16... h5 (16... Bd6 $1 $19 17. e4 O-O) 17. h4 (17. d6 $17) 17... Rh6 18. Na4 {[#]} Rb6 $1 {[%mdl 512] Precision: White = 12%, Black = 57%.} 0-1

[Event "Graz Open 2018"]
[Site "Graz"]
[Date "2018.02.17"]
[Round "1"]
[White "Wegerer, Fred"]
[Black "Deac, Bogdan-Daniel"]
[Result "0-1"]
[WhiteElo "2141"]
[BlackElo "2549"]
[Annotator "TA"]
[PlyCount "132"]
[EventDate "2018.??.??"]
[EventType "swiss"]
[EventCountry "AUT"]
[SourceTitle "playchess.com"]
[Source "ChessBase"]
[SourceQuality "1"]

{[%evp 19,132,7,20,-5,0,0,0,-2,0,0,0,0,26,-41,-51,-38,-38,-69,-72,-97,-62,-97,-27,-72,-65,-124,-93,-100,-97,-118,-89,-138,-131,-176,-162,-233,-67,-60,-58,-62,-60,-55,-59,-78,-82,-79,-69,-100,-105,-106,-86,-102,-95,-85,-54,-79,-79,-79,-77,-139,-36,-83,-85,-97,-49,-50,-49,-49,-45,-48,-47,-60,-47,-49,-52,-49,-56,-48,-39,-165,-169,-192,-208,-193,-203,-965,-762,-762,-762,-762,-762,-762,-762,-5318,-759,-755,-755,-754,-754,-693,-696,-754,-695,-645,-618,-754,-754,-747,-747,-732,-730,-668,-662,-745,-633]} 1. Nf3 d5 2. g3 g6 3. Bg2 Bg7 4. d4 Nf6 5. c4 O-O 6. cxd5 Nxd5 7. O-O Nc6 8. e4 Nb6 9. d5 Na5 10. Nc3 c6 {LiveBook: 513 Games} 11. Be3 {D76: Fianchetto Grünfeld: Main Line with 7...Nb6} (11. Bf4 Nac4 12. b3 Bxc3 13. bxc4 Bxa1 14. Qxa1 Nxc4 15. Bh6 f6 16. Bxf8 Qxf8 17. dxc6 bxc6 18. Rc1 Be6 19. Bf1 {½-½ (42) Giri,A (2762)-Navara,D (2726) Heraklio 2017}) 11... Nac4 12. Bd4 Nxb2 13. Qe2 {The position is equal.} N2c4 14. Bxg7 Kxg7 15. Rfd1 Qc7 16. Rac1 (16. a4 $11) 16... Bg4 $15 17. h3 Bxf3 $1 18. Qxf3 {[#]} Rac8 $146 ({Predecessor:} 18... Rad8) 19. Bf1 Qb8 20. dxc6 Ne5 ({Of course not} 20... bxc6 $6 21. Nb1 $11) (20... Rxc6 $17 21. Nd5 Nd2 $1 {[%mdl 512]}) 21. Qf4 Nxc6 22. Qh4 (22. Qe3 $15) 22... Rfd8 23. Nd5 Qe5 {[%cal Rb6d5]} 24. Bg2 f6 25. Nxb6 axb6 26. Rd5 Qb2 27. Rcd1 {[#]} (27. Rf1 {was necessary.}) 27... Qxa2 $2 (27... Nd4 $1 $19 {[%mdl 512]} 28. Rxd8 (28. R1xd4 Rc1+ 29. Bf1 Qe2 30. Qxf6+ exf6 31. Rd7+ Rxd7 32. Rxd7+ Kh6 33. Kg2 Rxf1 34. Rxh7+ Kxh7 35. h4 Rxf2+ 36. Kh3 Rh2#) 28... Rxd8) 28. e5 $1 {[%cal Re5f6]} Rxd5 29. exf6+ exf6 30. Rxd5 {Rd7+ is the strong threat.} Rc7 31. Rd6 Qa1+ 32. Kh2 Qe5 33. Rd2 b5 34. Rd5 Qb2 35. Qf4 Re7 36. h4 Qe2 37. Kg1 Qc4 38. Qd6 b4 39. h5 {[#]} ({White should try} 39. Rc5 Qf7 40. Rb5) 39... Qc3 (39... gxh5 $1 $17 40. Rc5 Qg4 41. Bxc6 Re1+ 42. Kg2 bxc6 43. Qxc6 Kg6) 40. Rc5 Qe1+ 41. Kh2 Qe6 ({But not} 41... Qxf2 $6 42. Rxc6 Re2 43. Rc7+ Kh6 44. Qf4+ Qxf4 45. gxf4 $14) 42. Qd2 Rd7 43. h6+ Kf7 44. Bd5 Ke7 {Hoping for ...Qe5.} 45. Qa2 Qe5 {White must now prevent ...Nd4.} 46. Rb5 $1 Nd4 47. Rxb7 Rxb7 48. Bxb7 b3 {[%cal Bb4b3,Bb3b2][%mdl 32]} 49. Qa7 (49. Qa3+ $15 Kd7 50. Qa7) 49... Nb5 $19 50. Qa4 b2 51. Qb4+ Nd6 52. Bf3 $2 (52. Ba6) 52... Qb5 {Black is clearly winning.} 53. Qe1+ Kd7 54. Qb1 Qf5 55. Qxb2 Qxf3 56. Kg1 g5 57. Qd4 Ke6 58. Qb6 Qd1+ 59. Kg2 Qd5+ 60. Kg1 Qb5 61. Qd8 Qd7 62. Qb6 Kf7 63. Qb1 f5 64. Qb3+ Kg6 65. Qg8+ Kxh6 66. Qf8+ Kg6 {Precision: White = 35%, Black = 50%.} 0-1